| 000 | 01200cas a22002897ar4500 | ||
|---|---|---|---|
| 005 | 20231010062646.0 | ||
| 008 | 990428d19711980es ar p rnn 0 uub0spa d | ||
| 010 | _a77661 | ||
| 011 | _a78633 | ||
| 035 | _a88649 | ||
| 245 | 0 | 0 |
_aAnales del Instituto Nacional de Investigaciones Agrarias : _bSerie Producción Vegetal _c/por Instituto Nacional de Investigaciones Agrarias. Ministerio de Agricultura |
| 260 | 0 |
_aMadrid, España : _bInstituto Nacional de Investigaciones Agrarias. Ministerio de Agricultura, _c1971-1980. |
|
| 300 | _an. | ||
| 310 | _aanual | ||
| 362 | _an.7, 1977 | ||
| 590 |
_aBATCH-UPD _b10 _c20130110 _lUCH01 _h0213 |
||
| 590 |
_aBATCH-UPD _b10 _c20130409 _lUCH01 _h2230 |
||
| 590 |
_aBATCH-UPD _b10 _c20130913 _lUCH01 _h2114 |
||
| 590 |
_aCONVERSION _b10 _c20130109 _lUCH01 _h1343 |
||
| 650 | 1 | 7 |
_aAgricultura _xPublicaciones periódicas _2 _91772 |
| 650 | 1 | 4 |
_aCultivos _xPublicaciones periódicas. _930313 |
| 780 | _tAnales del Instituto Nacional de Investigaciones Agronómicas 1960-1970 | ||
| 785 | _tAnales del Instituto Nacional de Investigaciones Agrarias : Serie Agrícola, 1980- | ||
| 866 | _an.1-12 (1971-1980) | ||
| 901 | _aSE | ||
| 905 | _aMa. del Socorro Iturbe C. | ||
| 999 |
_c77661 _d77661 |
||